000
00205 a2200097 4500
001
56281
100
_a
245
_a
Advanced physics, 5th Ed
260
_a
London
_b
Hawthoren
_c
2000
090
_c
34799
_d
34799
942
_a
NUST-CAE
_c
_c
27556
999
_c
291354
_d
291354